000 00732nam a2200253Ia 4500
003 OSt
005 20220926020912.0
006 a|||||r|||| 00| 0
007 ta
008 220923b |||||||| |||| 00| 0 eng d
020 _a0387906916
037 _cGeneral Book
040 _aRTL
_cRTL
_beng
041 _2eng
_aeng
082 _aSigma b4:(R4), M2.2
100 _aSieber Joan E Ed.
_991864
245 0 _aEthics of social research
260 _aNew York
_bSpringer Verlag USA
_c1982
300 _a187p
_ccm.
490 _vV1
_aspringer series in social psychology.-2
650 _aSocial Science
_911018
942 _hSigma b4:(R4), M2.2
_cGB
_2CC
999 _c635224
_d635224